000 01516nam0a2200361 4500
001 RU\NLR\bibl\97887
005 20250617082456.0
010 _a5-8069-0007-X
_95500
020 _aRU
_b98-28089
_9Книжная летопись
021 _aRU
_b98-17882
_9847
035 _a(NLR Aleph) 000095690
090 _a538455
_c538455
100 _a20000410d1998 |||y0rusy50 ca
101 0 _arus
102 _aRU
105 _aa |||||||||
200 1 _aАнтиблокировочная система тормозов ABS
_eУстройство, принцип работы, неисправности системы и их устранение
_e[Автомобил. спецоборудование]
_eПракт. рук.
210 _aБатайск
_cПОНЧиКя
_dБ. г.
_h1998
215 _a94 с.
_cил.
_d23
606 0 _aАвтомобильные тормоза
_xАнтиблокировочные приспособления
_9897579
_3RU\NLR\auth\665557
606 0 _aАвтомобильные тормоза
_xАнтиблокировочные системы
_92088183
_3RU\NLR\auth\661264158
610 0 _aАвтомобильные тормоза - Антиблокировка
675 _a629.3.03-592
_v3
_zrus
686 _a55.45
_2rugasnti
686 _a39.3
_2rubbk
686 _aО33-042.730.6
801 0 _aRU
_bRKP
_c20000410
_gPSBO
801 1 _aRU
_bRKP
_c20000410
801 2 _aRU
_bNLR
_c20031103
_grcr
852 _aNLR
_j98-8/664
942 _cBOOK
980 _aNB